U is the only vowel Quiz Stats

Quiz not verified by Sporcle

Challenge
Share
Tweet
Embed
Score 0/25 Timer 08:00
0 Plays Today
definition word % Correct
To remove a cord from its socketUnplug
88.3%
A master teacher or spiritual leaderGuru
83.3%
Nasal excretionMucus
73.3%
What happens when you tan for too longSunburn
68.3%
A chest & shoulder strengthening exercisePushup
61.7%
A nonmetallic yellow element with a distinctive smellSulfur
60%
Atypical heart soundMurmur
58.3%
Traditional Hawaiian garbMuumuu
50%
Platter of Chinese appetizersPupu
48.3%
Another term for dawn or early morningSunup
48.3%
Not causing laughter at allUnfunny
43.3%
Popular Middle Eastern side dish/condimentHummus
33.3%
To exercise authority wrongfully; abuseUsurp
30%
definition word % Correct
Not widely heraldedUnsung
30%
The native name for Ayer's Rock in AustraliaUluru
26.7%
To be released from a closed up state; unravelUnfurl
25%
Noise; CommotionHubbub
23.3%
A class clown or comedianCutup
21.7%
Poisonous delicacy in JapanFugu
20%
Give in toSuccumb
13.3%
Great abundance or IndulgenceLuxury
6.7%
Violent ouburst; state of agitationTumult
6.7%
A political independentMugwump
1.7%
1989 Little league champs from ConnecticutTrumbull
0%
West African music style made popular by King Sunny AdeJuju
0%

You're not logged in!

Compare scores with friends on all Sporcle quizzes.
Sign Up with Email
OR
Log In

You Might Also Like...

Show Comments

Extras

Top Quizzes Today


Score Distribution

Your Account Isn't Verified!

In order to create a playlist on Sporcle, you need to verify the email address you used during registration. Go to your Sporcle Settings to finish the process.